[Event "32nd ECC Women 2016"]
[Site "Novi Sad SRB"]
[Date "2016.11.06"]
[Round "1.1"]
[Board "1"]
[White "Muzychuk, Anna"]
[Black "Paehtz, Elisabeth"]
[Result "1/2-1/2"]
[WhiteTitle "GM"]
[BlackTitle "IM"]
[WhiteElo "2561"]
[BlackElo "2474"]
[WhiteTeam "Cercle d'Echecs Monte-Carlo"]
[BlackTeam "SS Lazio Scacchi"]
[WhiteFideId "14111330"]
[BlackFideId "4641833"]
[EventDate "2016.11.06"]

1. e4 c5 2. Nf3 d6 3. c3 Nf6 4. Be2 Nbd7 5. Qc2 b6 6. d4 e6 7. Bg5 h6 8. Bh4 Qc7
9. O-O cxd4 10. Nxd4 Bb7 11. Nd2 Be7 12. Rae1 g5 13. Bg3 a6 14. a4 Rg8 15. f3
Nh5 16. Bf2 Nf4 17. Nc4 Rc8 18. Ne3 Ne5 19. Bg3 Nh5 20. Bf2 Nf4 21. Bg3 Nh5 22.
Bf2 1/2-1/2

[Event "32nd ECC Women 2016"]
[Site "Novi Sad SRB"]
[Date "2016.11.06"]
[Round "1.1"]
[Board "2"]
[White "Brunello, Marina"]
[Black "Muzychuk, Mariya"]
[Result "0-1"]
[WhiteTitle "FM"]
[BlackTitle "GM"]
[WhiteElo "2349"]
[BlackElo "2532"]
[WhiteTeam "SS Lazio Scacchi"]
[BlackTeam "Cercle d'Echecs Monte-Carlo"]
[WhiteFideId "822590"]
[BlackFideId "14114550"]
[EventDate "2016.11.06"]

1. e4 e5 2. Nf3 Nc6 3. Bc4 Bc5 4. d3 Nf6 5. c3 O-O 6. Bg5 h6 7. Bh4 Be7 8. b4 d6
9. Qb3 Bg4 10. Qd1 Nh5 11. Bg3 Bg5 12. O-O Qf6 13. Na3 Ne7 14. Nc2 Bxf3 15. Qxf3
Qxf3 16. gxf3 Bd2 17. Rfd1 Bxc3 18. Rab1 Ng6 19. d4 exd4 20. Nxd4 Bxd4 21. Rxd4
Nhf4 22. Bf1 Rfd8 23. Rc4 c6 24. Rd1 d5 25. exd5 Nxd5 26. b5 Nge7 27. Rc5 Nb6
28. Re1 Kf8 29. Rc2 cxb5 30. Rc7 Nbd5 31. Rxb7 a6 32. Bh3 Nc6 0-1

[Event "32nd ECC Women 2016"]
[Site "Novi Sad SRB"]
[Date "2016.11.06"]
[Round "1.1"]
[Board "3"]
[White "Cramling, Pia"]
[Black "Di Benedetto, Desiree"]
[Result "1/2-1/2"]
[WhiteTitle "GM"]
[BlackTitle "WFM"]
[WhiteElo "2461"]
[BlackElo "2137"]
[WhiteTeam "Cercle d'Echecs Monte-Carlo"]
[BlackTeam "SS Lazio Scacchi"]
[WhiteFideId "1700030"]
[BlackFideId "875813"]
[EventDate "2016.11.06"]

1. Nf3 d5 2. d4 Nf6 3. c4 e6 4. Nc3 a6 5. cxd5 exd5 6. Bg5 Be6 7. e3 Nbd7 8. Bd3
Bd6 9. Qc2 h6 10. Bh4 c6 11. Rc1 O-O 12. O-O Qc7 13. Bg3 Rfe8 14. a3 Bxg3 15.
hxg3 Qd6 16. Rfe1 Rac8 17. Qb1 a5 18. Nd2 Ra8 19. Qc2 Rec8 20. a4 Qb4 21. Na2
Qd6 22. Qb1 Nb6 23. b3 Nbd7 24. Rc2 Nb8 25. Qb2 Na6 26. Qc3 c5 27. Qb2 b6 28.
Rec1 Nb4 29. Nxb4 axb4 30. Nf3 Nd7 31. Bb5 Rc7 32. Bxd7 Bxd7 33. dxc5 bxc5 34.
Qe5 Qxe5 35. Nxe5 c4 36. Nxd7 Rxd7 37. bxc4 dxc4 38. Rxc4 Rxa4 39. Rc8+ Kh7 40.
Rb8 Rd2 41. Rb7 Kg6 42. Rc6+ Kh7 43. Rxf7 b3 44. Rcc7 b2 45. Rxg7+ Kh8 46. Rh7+
Kg8 47. Rcg7+ Kf8 48. Rb7 Kg8 49. Rhg7+ Kf8 50. Rh7 Kg8 51. Rhg7+ 1/2-1/2

[Event "32nd ECC Women 2016"]
[Site "Novi Sad SRB"]
[Date "2016.11.06"]
[Round "1.1"]
[Board "4"]
[White "Messina, Roberta"]
[Black "Skripchenko, Almira"]
[Result "0-1"]
[WhiteTitle "WFM"]
[BlackTitle "IM"]
[WhiteElo "2082"]
[BlackElo "2455"]
[WhiteTeam "SS Lazio Scacchi"]
[BlackTeam "Cercle d'Echecs Monte-Carlo"]
[WhiteFideId "819018"]
[BlackFideId "13900145"]
[EventDate "2016.11.06"]

1. d4 Nf6 2. c4 g6 3. Nc3 Bg7 4. g3 O-O 5. Bg2 d6 6. Nf3 c6 7. O-O Qa5 8. e4 e5
9. h3 Nbd7 10. Qc2 exd4 11. Nxd4 Nb6 12. b3 Re8 13. Bb2 Qh5 14. Nde2 Nbd7 15.
Rad1 Ne5 16. f4 Bxh3 17. fxe5 dxe5 18. Nc1 Ng4 19. Qe2 Bh6 20. Rd3 Rad8 21. Nd1
Bxg2 22. Kxg2 Rxd3 23. Nxd3 Ne3+ 24. Kf2 Qh2+ 25. Kf3 Nxf1 26. Qxf1 f5 27. Bxe5
Bg7 28. Bxg7 fxe4+ 29. Kf4 Qd2+ 30. Kg4 exd3 31. Bc3 Qe2+ 32. Qxe2 dxe2 33. Nf2
e1=Q 34. Bxe1 Rxe1 35. Kg5 Re2 36. Ng4 Rxa2 37. Kh6 Rg2 0-1

[Event "32nd ECC Women 2016"]
[Site "Novi Sad SRB"]
[Date "2016.11.06"]
[Round "1.2"]
[Board "1"]
[White "Galliamova, Alisa"]
[Black "Dzagnidze, Nana"]
[Result "1/2-1/2"]
[WhiteTitle "IM"]
[BlackTitle "GM"]
[WhiteElo "2434"]
[BlackElo "2507"]
[WhiteTeam "Ladya Kazan"]
[BlackTeam "NONA Batumi"]
[WhiteFideId "4129725"]
[BlackFideId "13601903"]
[EventDate "2016.11.06"]

1. d4 Nf6 2. c4 g6 3. Nf3 Bg7 4. g3 O-O 5. Bg2 c5 6. O-O cxd4 7. Nxd4 Nc6 8. Nc3
Nxd4 9. Qxd4 d6 10. Qh4 Be6 11. Bg5 Qa5 12. Rac1 Rac8 13. b3 Rc5 14. Bd2 Rh5 15.
Qf4 Bh6 16. Qd4 Bxd2 17. Qxd2 Bh3 18. Bxh3 Rxh3 19. f3 Rh5 20. e4 b5 21. cxb5
Rxb5 22. Nb1 Qa6 23. Nc3 Rc5 24. Na4 Rxc1 25. Rxc1 Rc8 26. Rxc8+ Qxc8 27. Nc3
Qc5+ 28. Kg2 h5 29. h4 e6 30. Na4 Qb5 31. Qd4 Nd7 32. Nc3 Qa6 33. a4 Nc5 34. b4
Nb3 35. b5 Nxd4 36. bxa6 Nc6 37. Nb5 d5 38. exd5 exd5 39. Kf2 Kf8 40. Nc7 d4 41.
g4 g5 42. hxg5 h4 43. Nd5 Ne5 44. Kg2 d3 45. Ne3 d2 46. Nd1 Kg7 47. f4 Nd3 48.
Kh3 Nxf4+ 49. Kxh4 Kg6 50. Kg3 Ne6 51. Kf3 Nc5 52. Ke3 Nxa4 53. Kxd2 Nc5 54. Nc3
Kxg5 55. Nb5 Nxa6 56. Nxa7 Kxg4 57. Nc6 f6 58. Ne7 Kg3 59. Ke3 Nc7 60. Ke4 Kg4
61. Ke3 Kg5 62. Kf3 Ne6 63. Nd5 f5 64. Ne7 f4 65. Nd5 Kf5 66. Nxf4 1/2-1/2

[Event "32nd ECC Women 2016"]
[Site "Novi Sad SRB"]
[Date "2016.11.06"]
[Round "1.2"]
[Board "2"]
[White "Batsiashvili, Nino"]
[Black "Ambartsumova, Karina"]
[Result "1-0"]
[WhiteTitle "IM"]
[BlackTitle "WGM"]
[WhiteElo "2489"]
[BlackElo "2288"]
[WhiteTeam "NONA Batumi"]
[BlackTeam "Ladya Kazan"]
[WhiteFideId "13602993"]
[BlackFideId "4166299"]
[EventDate "2016.11.06"]

1. d4 Nf6 2. c4 g6 3. Nc3 Bg7 4. Nf3 O-O 5. g3 d6 6. Bg2 Nc6 7. O-O a6 8. h3 Rb8
9. Be3 b5 10. Nd2 b4 11. Nce4 Nxe4 12. Nxe4 e5 13. dxe5 Nxe5 14. Rc1 Bb7 15. Ba7
Ra8 16. Bd4 Rb8 17. c5 Bxe4 18. Bxe4 d5 19. Bg2 c6 20. f4 Nc4 21. Bxg7 Kxg7 22.
b3 Na3 23. Qd4+ Qf6 24. Qxf6+ Kxf6 25. e4 dxe4 26. Bxe4 Rbc8 27. Rfd1 Nb5 28.
Rc4 a5 29. Bf3 Rfe8 30. Kf2 Rc7 31. Rd2 h6 32. Rd3 Kg7 33. Rc2 Kf6 34. Rcd2 Rec8
35. Rd7 Ke6 36. Bg4+ f5 37. Rxc7 Rxc7 38. Bf3 Ke7 39. g4 Rc8 40. Rd3 fxg4 41.
hxg4 Rc7 42. Bg2 Kf7 43. Rd8 Nc3 44. Ra8 Nxa2 45. Rxa5 Nc3 46. Ra6 Rd7 47. Bxc6
Rd2+ 48. Ke3 Rb2 49. Kd3 Rxb3 50. Kc2 Rb1 51. Bd5+ Ke7 52. Ra7+ Kd8 53. c6 Re1
54. c7+ Kd7 55. Bc4 Ne4 56. Bb5+ 1-0

[Event "32nd ECC Women 2016"]
[Site "Novi Sad SRB"]
[Date "2016.11.06"]
[Round "1.2"]
[Board "3"]
[White "Nebolsina, Vera"]
[Black "Khotenashvili, Bela"]
[Result "0-1"]
[WhiteTitle "WGM"]
[BlackTitle "GM"]
[WhiteElo "2178"]
[BlackElo "2426"]
[WhiteTeam "Ladya Kazan"]
[BlackTeam "NONA Batumi"]
[WhiteFideId "4163591"]
[BlackFideId "13602640"]
[EventDate "2016.11.06"]

1. c4 e5 2. Nc3 Nf6 3. Nf3 Nc6 4. g3 d5 5. cxd5 Nxd5 6. Bg2 Nb6 7. O-O Be7 8. d3
O-O 9. Bd2 Be6 10. Qc1 f6 11. Ne4 Rb8 12. Nc5 Bd5 13. e4 Bf7 14. Nxb7 Qd7 15.
Na5 Nxa5 16. Bxa5 Qxd3 17. Qxc7 Bd6 18. Qxa7 Nc4 19. Bc3 Nxb2 20. Bxb2 Rxb2 21.
Qd7 Qa3 22. Rad1 Bc5 23. Rd2 Qxa2 24. Rfd1 Bb3 25. Rxb2 Qxb2 26. Qd2 Qa3 27. Rb1
Bf7 28. Nh4 g6 29. Bf1 Qa4 30. Bd3 Rd8 31. Qc3 Bd4 32. Qc2 Qxc2 33. Bxc2 Bxf2+
34. Kxf2 Rd2+ 35. Ke3 Rxc2 36. Nf3 Rc3+ 37. Kf2 Rc7 38. h4 h5 39. Nh2 Rc2+ 40.
Kg1 Rc4 41. Re1 Be8 42. Nf1 Bc6 43. Nd2 Rc2 44. Nf1 Kg7 45. Ne3 Rc3 46. Nf1 Rc4
47. Nd2 Rd4 48. Re2 Bb5 49. Rf2 Bd3 50. Kg2 Bxe4+ 51. Nxe4 Rxe4 52. Kf3 Rd4 53.
Rb2 Kf7 54. Rb6 Ke7 0-1

[Event "32nd ECC Women 2016"]
[Site "Novi Sad SRB"]
[Date "2016.11.06"]
[Round "1.2"]
[Board "4"]
[White "Mikadze, Miranda"]
[Black "Markelova, Lubov"]
[Result "1-0"]
[WhiteTitle "WGM"]
[BlackTitle "WFM"]
[WhiteElo "2233"]
[BlackElo "2133"]
[WhiteTeam "NONA Batumi"]
[BlackTeam "Ladya Kazan"]
[WhiteFideId "13603108"]
[BlackFideId "24131369"]
[EventDate "2016.11.06"]

1. d4 d5 2. Nf3 Nf6 3. Bf4 e6 4. e3 c5 5. c3 Nc6 6. Nbd2 Bd6 7. Bg3 O-O 8. Bb5
Bxg3 9. hxg3 Qb6 10. Bxc6 bxc6 11. Qc2 Rb8 12. Rb1 cxd4 13. exd4 c5 14. g4 g6
15. g5 Nd7 16. Qa4 cxd4 17. Qxd4 Qxd4 18. Nxd4 Ba6 19. N2b3 Rfc8 20. Kd2 Bc4 21.
f4 Rb6 22. Kc2 Rcb8 23. Rh3 a5 24. Nc1 Nc5 25. b3 Ne4 26. Nd3 Bxd3+ 27. Rxd3 Rc8
28. a4 Kg7 29. Rh3 Rh8 30. Re1 e5 31. fxe5 Nxg5 32. Rd3 Ne6 33. Nb5 Nf4 34. Rd2
Rd8 35. Rf1 Ne6 36. Nd6 Ng5 37. Rxd5 Rdb8 38. Nb5 Re8 39. Nd4 Ne6 40. Rxa5 Nxd4+
41. cxd4 Rc6+ 42. Kd3 Rec8 43. Ra7 Rc3+ 44. Ke4 R8c7 45. Rxc7 Rxc7 46. b4 Rc2
47. a5 Rxg2 48. Ra1 Rc2 49. a6 1-0

[Event "32nd ECC Women 2016"]
[Site "Novi Sad SRB"]
[Date "2016.11.06"]
[Round "1.3"]
[Board "1"]
[White "Ushenina, Anna"]
[Black "Socko, Monika"]
[Result "1-0"]
[WhiteTitle "GM"]
[BlackTitle "GM"]
[WhiteElo "2453"]
[BlackElo "2428"]
[WhiteTeam "Ugra Chess Club"]
[BlackTeam "ASD C.S.R. Fischer Chieti"]
[WhiteFideId "14110911"]
[BlackFideId "1106619"]
[EventDate "2016.11.06"]

1. d4 Nf6 2. c4 g6 3. Nc3 d5 4. cxd5 Nxd5 5. e4 Nxc3 6. bxc3 Bg7 7. Nf3 c5 8.
Rb1 O-O 9. Be2 b6 10. O-O Bb7 11. d5 Nd7 12. c4 Qc7 13. a4 Rae8 14. a5 e6 15.
axb6 Nxb6 16. Be3 exd5 17. exd5 Ba6 18. Qc2 f5 19. Bd3 f4 20. Bd2 Bc8 21. Rfe1
Bg4 22. Ng5 Re5 23. Rxe5 Qxe5 24. Ne4 f3 25. Bc3 Qe7 26. Bxg7 Qxg7 27. Bf1 fxg2
28. Bxg2 Qd4 29. Qb3 Be2 30. Qa3 Bxc4 31. d6 Bd5 32. Qxc5 Qd3 33. Re1 Bxe4 34.
Bxe4 Qd2 35. Ra1 Rd8 36. Qa5 Qf4 37. Qa2+ Kf8 38. Bg2 Rxd6 39. Qxa7 Rf6 40. Qxh7
Qxf2+ 41. Kh1 Qf5 42. Rd1 Ke8 43. Qc7 Nd7 44. Bc6 Rxc6 45. Qxc6 Kd8 46. Rg1 Ne5
47. Qd5+ Qd7 48. Rd1 Qxd5+ 49. Rxd5+ Nd7 50. Rd6 g5 51. Rd5 Ke7 52. Rxg5 Kf6 53.
Ra5 Kg6 54. Kg2 Nf6 55. Kf3 Nh5 56. Ke4 Nf6+ 57. Ke5 Nh5 58. h4 Ng7 59. Ra8 Kh6
60. Kf6 Nh5+ 61. Kf5 Ng7+ 62. Kg4 Kh7 63. Ra6 Kg8 64. Kg5 Kf7 65. Ra7+ Kf8 66.
Kg6 Ne6 67. Kf6 1-0

[Event "32nd ECC Women 2016"]
[Site "Novi Sad SRB"]
[Date "2016.11.06"]
[Round "1.3"]
[Board "2"]
[White "Zimina, Olga"]
[Black "Mkrtchian, Lilit"]
[Result "1-0"]
[WhiteTitle "IM"]
[BlackTitle "IM"]
[WhiteElo "2394"]
[BlackElo "2439"]
[WhiteTeam "ASD C.S.R. Fischer Chieti"]
[BlackTeam "Ugra Chess Club"]
[WhiteFideId "4132190"]
[BlackFideId "13300601"]
[EventDate "2016.11.06"]

1. Nf3 d5 2. g3 g6 3. d4 Bg7 4. c4 c6 5. Qa4 e6 6. Bg2 Nd7 7. Qc2 Ngf6 8. Nbd2
O-O 9. O-O b6 10. e4 Bb7 11. e5 Ne8 12. b3 Nc7 13. Ba3 Re8 14. Rfe1 Rc8 15. Bd6
c5 16. Rad1 dxc4 17. dxc5 cxb3 18. Qxb3 Bd5 19. Qe3 bxc5 20. Ne4 Nb5 21. a4 Bxe4
22. axb5 Bd5 23. Ra1 Qb6 24. Ng5 Bxg2 25. Kxg2 h6 26. Nf3 Ra8 27. Qe4 Rec8 28.
Reb1 c4 29. Nd4 Nc5 30. Qf3 Nb3 31. Nxb3 cxb3 32. Rxb3 Bf8 33. Ra6 Qd8 34. Rba3
Bxd6 35. exd6 Rab8 36. Rxa7 Qf8 37. Rc7 Ra8 38. Rxa8 Rxa8 39. b6 Rb8 40. b7 f5
41. Qc6 1-0

[Event "32nd ECC Women 2016"]
[Site "Novi Sad SRB"]
[Date "2016.11.06"]
[Round "1.3"]
[Board "3"]
[White "Nechaeva, Marina"]
[Black "Paolillo, Gaia"]
[Result "1-0"]
[WhiteTitle "IM"]
[BlackTitle "WFM"]
[WhiteElo "2420"]
[BlackElo "2013"]
[WhiteTeam "Ugra Chess Club"]
[BlackTeam "ASD C.S.R. Fischer Chieti"]
[WhiteFideId "4149351"]
[BlackFideId "864986"]
[EventDate "2016.11.06"]

1. d4 Nf6 2. c4 c5 3. d5 b5 4. cxb5 a6 5. bxa6 g6 6. Nc3 Bg7 7. e4 O-O 8. Nf3
Qa5 9. Bd2 Bxa6 10. Be2 d6 11. O-O Nbd7 12. a4 Qb6 13. Re1 Rfb8 14. Bb5 Bxb5 15.
Nxb5 Ne8 16. Qc2 Nc7 17. Nxc7 Qxc7 18. Rab1 Qa7 19. a5 Rb5 20. b4 Rab8 21. bxc5
Nxc5 22. Rxb5 Rxb5 23. e5 dxe5 24. Nxe5 Bxe5 25. Rxe5 Qd7 26. h3 Nb3 27. Bc3
Rxd5 28. Qxb3 Rd1+ 29. Re1 Rd6 30. Qb8+ 1-0

[Event "32nd ECC Women 2016"]
[Site "Novi Sad SRB"]
[Date "2016.11.06"]
[Round "1.3"]
[Board "4"]
[White "Di Primio, Eugenia"]
[Black "Kovanova, Baira"]
[Result "0-1"]
[BlackTitle "WGM"]
[WhiteElo "1928"]
[BlackElo "2382"]
[WhiteTeam "ASD C.S.R. Fischer Chieti"]
[BlackTeam "Ugra Chess Club"]
[WhiteFideId "821942"]
[BlackFideId "4164083"]
[EventDate "2016.11.06"]

1. e4 e5 2. Nf3 Nc6 3. Bc4 Nf6 4. d3 Be7 5. Nc3 d6 6. h3 Na5 7. O-O O-O 8. Re1
h6 9. a3 Nxc4 10. dxc4 Be6 11. Nd5 Nxd5 12. cxd5 Bd7 13. c4 f5 14. exf5 Bxf5 15.
Be3 Qe8 16. Rc1 Qg6 17. Kh2 Be4 18. Rc3 Bxf3 19. gxf3 Qh5 20. Bc1 Rf7 21. Rg1
Raf8 22. Rg4 Kh8 23. Qe2 Rf5 24. b4 Qf7 25. Kg2 h5 26. Re4 Bg5 27. f4 Bxf4 28.
Bxf4 exf4 29. Qf3 Re5 30. Kh2 Qf5 31. Rd4 Re1 32. Rd1 Rxd1 33. Qxd1 f3 34. Re3
Qf4+ 35. Kh1 Qxc4 36. Qg1 Qxd5 37. Re7 Rf7 38. Re8+ Kh7 39. Qb1+ g6 40. Qa1 Rg7
41. Qf6 Qf5 42. Qxf5 gxf5 43. Re3 Kg6 44. Rxf3 Kf6 45. Re3 d5 46. Kh2 d4 47. Rd3
Ke5 0-1

[Event "32nd ECC Women 2016"]
[Site "Novi Sad SRB"]
[Date "2016.11.06"]
[Round "1.4"]
[Board "1"]
[White "Sandu, Mihaela"]
[Black "Kashlinskaya, Alina"]
[Result "1/2-1/2"]
[WhiteTitle "WGM"]
[BlackTitle "IM"]
[WhiteElo "2207"]
[BlackElo "2450"]
[WhiteTeam "Midland Monarchs"]
[BlackTeam "SHSM Legacy Square Moscow"]
[WhiteFideId "1204327"]
[BlackFideId "4198026"]
[EventDate "2016.11.06"]

1. e4 e6 2. d4 d5 3. Nc3 Nf6 4. e5 Nfd7 5. Nf3 c5 6. dxc5 Nc6 7. Bf4 Nxc5 8. Bd3
Be7 9. O-O a6 10. Re1 g5 11. Bg3 g4 12. Nd2 Nxd3 13. cxd3 h5 14. Nb3 Bg5 15. f4
h4 16. Bf2 Bxf4 17. Qxg4 Qg5 18. Qxg5 Bxg5 19. Nd4 Nxd4 20. Bxd4 Rg8 21. Rf1 Bd7
22. Rf3 Rc8 23. Raf1 Rg7 24. Kh1 Kf8 25. h3 Kg8 26. g3 b5 27. a3 a5 28. gxh4
Bxh4 29. Nd1 b4 30. axb4 axb4 31. Ne3 Bb5 32. Ng4 Rg6 33. Rg1 Kg7 34. Rgf1 Kg8
35. Rg1 Rc2 36. Nh6+ Kg7 37. Nxf7 Rxg1+ 38. Kxg1 Rd2 39. Rf4 Rxd3 40. Rxh4 Kxf7
41. Kf2 Rd2+ 42. Ke3 Rd3+ 43. Kf2 Rd2+ 44. Ke3 Rd3+ 1/2-1/2

[Event "32nd ECC Women 2016"]
[Site "Novi Sad SRB"]
[Date "2016.11.06"]
[Round "1.4"]
[Board "2"]
[White "Pustovoitova, Daria"]
[Black "Srebrnic, Ana"]
[Result "1-0"]
[WhiteTitle "FM"]
[BlackTitle "WGM"]
[WhiteElo "2427"]
[BlackElo "2216"]
[WhiteTeam "SHSM Legacy Square Moscow"]
[BlackTeam "Midland Monarchs"]
[WhiteFideId "4182146"]
[BlackFideId "14603314"]
[EventDate "2016.11.06"]

1. d4 Nf6 2. c4 g6 3. Nc3 Bg7 4. e4 d6 5. Nge2 O-O 6. Ng3 e5 7. d5 Na6 8. h4 h5
9. Bg5 Qe8 10. Qd2 Kh7 11. Be2 Ng4 12. f3 Nh6 13. Bd3 f6 14. Be3 Nf7 15. O-O-O
Bd7 16. Rdg1 Nc5 17. Be2 Nh6 18. Kb1 a6 19. Nf1 f5 20. exf5 Nxf5 21. Bxc5 dxc5
22. g4 Bh6 23. Qd3 Nd4 24. Ne4 Kh8 25. Nxc5 Bf4 26. Ng3 Nxe2 27. Nxe2 e4 28.
Qd4+ Be5 29. Qxe4 Bg7 30. Qxe8 Raxe8 31. Nxd7 Rxf3 32. Rg2 b6 33. g5 Re4 34. b3
Rfe3 35. Rhh2 b5 36. cxb5 axb5 37. Rf2 Rg4 38. Nf6 1-0

[Event "32nd ECC Women 2016"]
[Site "Novi Sad SRB"]
[Date "2016.11.06"]
[Round "1.4"]
[Board "3"]
[White "Chevannes, Sabrina L"]
[Black "Savina, Anastasia"]
[Result "0-1"]
[WhiteTitle "WIM"]
[BlackTitle "IM"]
[WhiteElo "2012"]
[BlackElo "2363"]
[WhiteTeam "Midland Monarchs"]
[BlackTeam "SHSM Legacy Square Moscow"]
[WhiteFideId "411280"]
[BlackFideId "4196872"]
[EventDate "2016.11.06"]

1. d4 Nf6 2. Nf3 g6 3. g3 Bg7 4. Bg2 O-O 5. O-O d6 6. c4 Nc6 7. Nc3 a6 8. Bf4
Rb8 9. c5 Bg4 10. d5 Na7 11. cxd6 exd6 12. Qd4 Nd7 13. Qd2 Bxf3 14. exf3 Ne5 15.
b3 b5 16. Rac1 b4 17. Ne4 Nb5 18. Bg5 f6 19. Bh6 Bxh6 20. Qxh6 Nf7 21. Qf4 f5
22. Nd2 Nc3 23. Rfe1 Nxd5 24. Qc4 Nc3 25. f4 Rb5 26. a4 d5 27. Qd4 Rb6 28. Re3
Qf6 29. Qxf6 Rxf6 30. Rce1 Nd6 31. Re5 Nde4 32. Nb1 Nxb1 33. Rxb1 Nc3 34. Rbe1
c6 35. a5 Nb5 36. Bf1 Nd4 37. Kg2 Nxb3 38. Rb1 Nd2 39. Rxb4 c5 40. Rb7 Nxf1 41.
Kxf1 R8f7 42. Rb8+ Kg7 43. Rxd5 Rc6 44. Rb6 Rxb6 45. axb6 Rb7 46. Rxc5 Rxb6 47.
Ra5 Kf6 48. Kg2 Ke6 49. h4 h5 50. Kf3 Kd7 51. Kg2 Kc7 52. Re5 Rf6 53. Kf3 Kb6
54. Ke3 Rd6 55. Re8 a5 56. Ra8 Kb5 57. Rb8+ Rb6 58. Ra8 Ra6 59. Rb8+ Kc4 60.
Rc8+ Kb3 61. Rb8+ Kc2 62. Rc8+ Kd1 63. Rd8+ Ke1 64. Rb8 Kf1 65. Kf3 Kg1 66. Re8
a4 0-1

[Event "32nd ECC Women 2016"]
[Site "Novi Sad SRB"]
[Date "2016.11.06"]
[Round "1.4"]
[Board "4"]
[White "Shuvalova, Polina"]
[Black "Manelidou, Maria"]
[Result "1-0"]
[WhiteTitle "WIM"]
[BlackTitle "WFM"]
[WhiteElo "2390"]
[BlackElo "2084"]
[WhiteTeam "SHSM Legacy Square Moscow"]
[BlackTeam "Midland Monarchs"]
[WhiteFideId "24171760"]
[BlackFideId "4212240"]
[EventDate "2016.11.06"]

1. e4 e5 2. Nf3 Nc6 3. Bb5 Nge7 4. Nc3 Ng6 5. d4 exd4 6. Nxd4 Nxd4 7. Qxd4 c6 8.
Be2 Qb6 9. Qd3 Be7 10. O-O O-O 11. a3 d6 12. Be3 Qd8 13. g4 Ne5 14. Qd1 Be6 15.
f4 Nc4 16. Bd4 c5 17. Bf2 Nxb2 18. Qc1 Nc4 19. Nd5 Bxd5 20. exd5 Nb6 21. c4 Bh4
22. Be3 Qe7 23. Ra2 Rfe8 24. Rf3 Qe4 25. Qf1 Qe7 26. Bd3 Bf6 27. Qh3 g6 28. g5
Bd4 29. Bxd4 cxd4 30. Re2 Qd7 31. f5 Rxe2 32. Bxe2 Qe7 33. f6 Qxe2 34. Qh6 Qe1+
35. Kg2 Qe2+ 36. Kg3 Qe1+ 37. Kh3 1-0

[Event "32nd ECC Women 2016"]
[Site "Novi Sad SRB"]
[Date "2016.11.06"]
[Round "1.5"]
[Board "1"]
[White "Mammadzada, Gunay"]
[Black "Efroimski, Marsel"]
[Result "1/2-1/2"]
[WhiteTitle "WGM"]
[BlackTitle "WGM"]
[WhiteElo "2371"]
[BlackElo "2312"]
[WhiteTeam "Odlar Yurdu"]
[BlackTeam "Rishon Le Zion"]
[WhiteFideId "13403729"]
[BlackFideId "2810964"]
[EventDate "2016.11.06"]

1. e4 c5 2. Nf3 d6 3. d4 cxd4 4. Nxd4 Nf6 5. Nc3 Nc6 6. f3 e5 7. Nb3 Be7 8. Be3
Be6 9. Nd5 Bxd5 10. exd5 Nb4 11. c4 a5 12. Qd2 b6 13. Be2 O-O 14. O-O Na6 15.
Nc1 Nh5 16. Bd3 f5 17. Ne2 Nc5 18. Bc2 Rc8 19. f4 Nxf4 20. Nxf4 exf4 21. Bxf4 g6
22. Rae1 Bf6 23. Bb1 Qd7 24. Qf2 Qg7 25. Qg3 Bxb2 26. Bxd6 Rfe8 27. Bc2 Ne4 28.
Bxe4 fxe4 29. Kh1 Be5 30. Bxe5 Qxe5 31. Qf2 e3 32. Qf7+ Kh8 33. Rxe3 Qxe3 34.
Qf6+ Kg8 35. Qf7+ Kh8 1/2-1/2

[Event "32nd ECC Women 2016"]
[Site "Novi Sad SRB"]
[Date "2016.11.06"]
[Round "1.5"]
[Board "2"]
[White "Lahav, Michal"]
[Black "Mammadova, Gulnar"]
[Result "0-1"]
[WhiteTitle "WFM"]
[BlackTitle "WGM"]
[WhiteElo "2251"]
[BlackElo "2364"]
[WhiteTeam "Rishon Le Zion"]
[BlackTeam "Odlar Yurdu"]
[WhiteFideId "2813742"]
[BlackFideId "13403508"]
[EventDate "2016.11.06"]

1. e4 e6 2. d4 d5 3. Nd2 Nf6 4. e5 Nfd7 5. c3 c5 6. f4 Nc6 7. Ndf3 Be7 8. Bd3 f5
9. Ne2 a5 10. h3 cxd4 11. cxd4 O-O 12. O-O Nb4 13. Bb1 b6 14. Kh1 Ba6 15. Rg1
Qc7 16. a3 Qc4 17. axb4 Qxe2 18. bxa5 Qxd1 19. Rxd1 Be2 20. Re1 Bxf3 21. gxf3
Bb4 22. Re2 Rfc8 23. Be3 bxa5 24. Bd3 Nb6 25. Rg1 a4 26. Ra1 a3 27. Kg2 Be7 28.
bxa3 Rc3 29. Bb5 Rb3 30. Bc6 Rc8 31. Bb7 Rc7 32. Ba6 Ra7 33. Rc1 Rxa6 34. Rc7
Kf7 35. Bf2 Ke8 36. Rb7 Raxa3 37. Be1 Nc4 38. Rc7 Kd8 0-1

[Event "32nd ECC Women 2016"]
[Site "Novi Sad SRB"]
[Date "2016.11.06"]
[Round "1.5"]
[Board "3"]
[White "Kazimova, Narmin"]
[Black "Mdivani, Maka"]
[Result "1-0"]
[WhiteTitle "WGM"]
[WhiteElo "2323"]
[BlackElo "1958"]
[WhiteTeam "Odlar Yurdu"]
[BlackTeam "Rishon Le Zion"]
[WhiteFideId "13402951"]
[BlackFideId "2817691"]
[EventDate "2016.11.06"]

1. d4 Nf6 2. c4 e6 3. Nc3 Bb4 4. Nf3 O-O 5. Bd2 c5 6. e3 d5 7. a3 Bxc3 8. Bxc3
Ne4 9. Rc1 cxd4 10. Qxd4 Nxc3 11. Qxc3 Nc6 12. cxd5 Qxd5 13. Bc4 Qh5 14. b4 a6
15. O-O e5 16. Bd5 Ne7 17. Be4 f6 18. Qc7 Qf7 19. Rfd1 g5 20. Qd6 Bf5 21. Bxb7
Rae8 22. Bxa6 Be6 23. e4 Kg7 24. Rc7 Kg6 25. Bb5 Rd8 26. Qxd8 Rxd8 27. Rxd8 Kh6
28. Re8 Qg6 29. Rexe7 Bg8 30. Nxe5 1-0

[Event "32nd ECC Women 2016"]
[Site "Novi Sad SRB"]
[Date "2016.11.06"]
[Round "1.5"]
[Board "4"]
[White "Federovski, Adi"]
[Black "Hojjatova, Aydan"]
[Result "0-1"]
[BlackTitle "WFM"]
[WhiteElo "1937"]
[BlackElo "2316"]
[WhiteTeam "Rishon Le Zion"]
[BlackTeam "Odlar Yurdu"]
[WhiteFideId "2813777"]
[BlackFideId "13401491"]
[EventDate "2016.11.06"]

1. e4 e6 2. d4 d5 3. Nd2 c5 4. exd5 Qxd5 5. Ngf3 cxd4 6. Bc4 Qd6 7. O-O Nf6 8.
Nb3 Nc6 9. Nbxd4 Nxd4 10. Nxd4 a6 11. Re1 Qc7 12. Bb3 Bd6 13. h3 O-O 14. c3 Rd8
15. Qe2 h6 16. Qf3 Bh2+ 17. Kh1 Be5 18. a4 Bd7 19. Be3 b6 20. Bc2 Rab8 21. Bd3
Bc8 22. Qe2 Ra8 23. Nf3 Bd6 24. Bd4 Nd5 25. Qc2 Bb7 26. Bh7+ Kh8 27. Be4 f5 28.
Bxd5 Bxd5 29. Ne5 Be4 30. Ng6+ Kh7 31. Rxe4 fxe4 32. Qxe4 Kg8 33. Qxe6+ Qf7 34.
Qxf7+ Kxf7 35. Nh4 Bc5 36. Nf3 Rd5 37. Re1 Rad8 38. Ne5+ Kf8 39. Ng6+ Kf7 40.
Ne5+ Kg8 41. Nc6 R8d7 42. Re8+ Kh7 43. Ra8 Bxd4 44. Nxd4 Ra5 45. b3 Rc5 46. Rxa6
Rxc3 47. Nb5 Rxb3 48. Rxb6 Rd2 49. Kh2 Rxf2 50. a5 Rbb2 51. Kg3 Rxg2+ 52. Kf4
Rb4+ 53. Kf3 Ra2 54. a6 Ra3+ 0-1